| 000 | 00613nam a22001817a 4500 | ||
|---|---|---|---|
| 008 | 161007b xxu||||| |||| 00| 0 eng d | ||
| 020 | _a0412900026 | ||
| 082 |
_22004 _aDC 658.8 _bC38k |
||
| 100 |
_915803 _aChaston, Ian |
||
| 245 |
_aKnowledge-based marketing: _bthe twenty-first century competitive edge/ _cIan Chaston. |
||
| 260 |
_aCalifornia: _bSage Publications, _cc2004. |
||
| 300 |
_axi, 274 pages: _billustrations; _c24 cm. |
||
| 500 | _aIncludes bibliographical references and index. | ||
| 650 | 0 |
_915805 _aMarketing |
|
| 650 | 0 |
_915806 _aMarketing research |
|
| 365 |
_b3650.00 _cPhp |
||
| 942 |
_2ddc _cDC |
||
| 999 |
_c5053 _d5053 |
||